| 000 | 03663nam a2200433 a 4500 | ||
|---|---|---|---|
| 999 |
_c160548 _d160548 |
||
| 003 | BLK | ||
| 005 | 20240425083556.0 | ||
| 008 | 180410b bul|||||r ||||||| ||bul|| | ||
| 010 | _aKNG00167774000 | ||
| 040 | _aBLK | ||
| 041 |
_aBUL _cBUL |
||
| 072 | 7 |
_2bullib _aК _xКраезнание |
|
| 080 |
_aБългарска литература _b821.163.2 _x-31 _z821.163.2-31 |
||
| 080 |
_aЦърковна музика. Религиозна музика _b783 _x(092) _z783(092) |
||
| 080 |
_aСредновековен български светец, църковен певец и композитор, музикален теоретик и реформатор на византийското нотно писмо _b929 Йоан Кукузел, св. _z929 Йоан Кукузел, св. |
||
| 100 |
_aНемиров, Добри _d03.02.1882 – 30.09.1945 _gДобри Немиров е псевдоним на Добри Зарафов – български писател, председател на Съюза на българските писатели в периода 1937 – 1940 г. Поради липса на средства се самообразова, работи като дребен чиновник, библиотекар в БКД и в Министерството на благоустройството. За пръв път Немиров печата разкази през 1902 г. Сътрудничи на списанията „Учителска мисъл“, „Народен живот“, Демократически преглед“, „Хиперион“ и др. Автор е на повестите „Роб“, „Дялба“, „Бедния Лука“; романите „Братя“, „Кошмар“, „Другият“, „Ангелогласният“, „Първи бразди“, „Дело № 9“; разказите за деца „Когато бях малък“ и др. Пише пътеписи, рецензии и отзиви за художествени изложби, филми, театрални постановки и драма. _qЗафиров, Добри Харалампиев _9251710 |
||
| 139 |
_aНемиров, Добри _bН 53 |
||
| 245 | 1 | 0 |
_aАнгелогласният _bРоман _cДобри Немиров. |
| 257 | _aBGR | ||
| 260 |
_aСофия _bДревна България _c1938 _fСофия : печ. Древна България _9212901 |
||
| 300 |
_a159 с. _c20 см |
||
| 380 | _aX | ||
| 490 |
_aБиблиотека Български исторически романи _vГ. VIII, № 1 _9201609 |
||
| 490 |
_aЧастна колекция - Академик Михаил Арнаудов _9396381 _gДарение - Основен фонд |
||
| 500 | _aИстинското име на авт. Добри Харалампиев Зарафов. | ||
| 600 | 1 | 4 |
_aЙоан Кукузел _9315127 |
| 650 | 0 |
_9361912 _aИзточноправославна църковна музика |
|
| 650 | 0 |
_9241861 _aКомпозитори, български |
|
| 700 |
_aЗарафов, Добри Харалампиев _9327360 |
||
| 852 |
_aЦб 20748 _bО |
||
| 852 |
_aК 821.163.2/Н 53 Д _bК |
||
| 856 | 4 |
_qpdf _i0.00 _lreg users access _fАнгелогласният _uhttp://185.138.176.146:18082/cgi-bin/koha/opac-retrieve-file.pl?id=5f114799564bbff7e7b6ed802f1d9581 _xebook _zАнгелогласният |
|
| 856 | 4 |
_qpdf _i0.00 _ldisable |
|
| 942 |
_cKNG _n0 _s1 |
||
| 944 |
_aCR _c27.11.2014 _lНора Радева _k30545 |
||
| 944 |
_aED _c2023-04-12 _kКети |
||
| 999 | _d160548 | ||
| 999 | _d160548 | ||